[Event "Wichern op 3rd"]
[Site "Hamburg"]
[Date "1995.??.??"]
[Round "1"]
[White "Maus, Soenke"]
[Black "Weise, Martin"]
[Result "1-0"]
[WhiteElo "2425"]
[BlackElo "2215"]
[PlyCount "63"]
[EventDate "1995.09.??"]
[EventType "swiss"]
[EventRounds "9"]
[EventCountry "GER"]
[SourceTitle "EXT 1997"]
[Source "ChessBase"]
[SourceDate "1996.11.15"]
[SourceVersion "1"]
[SourceVersionDate "1996.11.15"]
[SourceQuality "1"]

1. c4 g6 2. g3 Bg7 3. Bg2 d6 4. Nc3 Nc6 5. Rb1 a5 6. Nf3 e5 7. 0-0 Nf6 8. d3 0-0 9. a3 Nh5 10. b4 axb4 11. axb4 f5 12. b5 Ne7 13. Qb3 Kh8 14. Bb2 f4 15. Ra1 Rb8 16. Ra7 Bg4 17. Ne4 Nf5 18. c5 d5 19. Ned2 Re8 20. Ra4 Qd7 21. Re1 Nh6 22. Rb4 Ra8 23. c6 bxc6 24. bxc6 Qd6 25. Rb5 Be6 26. Ng5 fxg3 27. hxg3 Nf6 28. Nxe6 Qxe6 29. Bxd5 Qf5 30. Bf3 Nhg4 31. Kg2 Bh6 32. Ne4 1-0

[Event "Bundesliga 9596"]
[Site "Germany"]
[Date "1995.??.??"]
[Round "?.6"]
[White "Weidemann, Joerg"]
[Black "Maus, Soenke"]
[Result "0-1"]
[WhiteElo "2310"]
[BlackElo "2425"]
[PlyCount "90"]
[EventDate "1995.10.14"]
[EventType "team-tourn"]
[EventRounds "15"]
[EventCountry "GER"]
[SourceTitle "GER-chT"]
[Source "ChessBase"]
[SourceDate "1999.07.01"]
[SourceVersion "1"]
[SourceVersionDate "1999.07.01"]
[SourceQuality "1"]
[WhiteTeam "Zaehringen"]
[BlackTeam "Hamburger SK"]
[WhiteTeamCountry "GER"]
[BlackTeamCountry "GER"]

1. e4 c5 2. c3 b6 3. d4 Bb7 4. Bd3 Nf6 5. Nd2 cxd4 6. cxd4 Nc6 7. Ne2 g6 8. 0-0 Bg7 9. a3 0-0 10. f4 Rc8 11. Qe1 e6 12. b4 Ng4 13. Bb2 f5 14. Qg3 Ne7 15. e5 Nd5 16. h3 Nh6 17. b5 Nf7 18. Rfd1 Kh8 19. Nf1 Rg8 20. Rac1 Rxc1 21. Bxc1 Bf8 22. Ne3 g5 23. Nxd5 Bxd5 24. Qf2 Qc8 25. g3 Bh6 26. Kh2 gxf4 27. Nxf4 Bb7 28. d5 Bxf4 29. Qxf4 Bxd5 30. Bxf5 exf5 31. e6 dxe6 32. Bb2+ Rg7 33. Bxg7+ Kxg7 34. Qd4+ Kg6 35. a4 Qb8 36. Rd2 Qe5 37. Qf4 Ng5 38. Qxe5 Nf3+ 39. Kg2 Nxe5+ 40. Kf2 Kf6 41. Rd4 Nd7 42. g4 Ke5 43. Ke3 Nc5 44. gxf5 exf5 45. Rh4 Be4 0-1

[Event "Bundesliga 9394"]
[Site "Germany"]
[Date "1994.04.17"]
[Round "13.4"]
[White "Backwinkel, Paul"]
[Black "Maus, Soenke"]
[Result "0-1"]
[WhiteElo "2410"]
[BlackElo "2420"]
[PlyCount "64"]
[EventDate "1993.11.06"]
[EventType "team-tourn"]
[EventRounds "15"]
[EventCountry "GER"]
[SourceTitle "GER-chT"]
[Source "ChessBase"]
[SourceDate "1999.07.01"]
[SourceVersion "1"]
[SourceVersionDate "1999.07.01"]
[SourceQuality "1"]
[WhiteTeam "Bochum"]
[BlackTeam "Hamburger SK"]
[WhiteTeamCountry "GER"]
[BlackTeamCountry "GER"]

1. d4 Nf6 2. c3 b6 3. Bg5 Bb7 4. Bxf6 exf6 5. Nd2 f5 6. e3 g6 7. Ngf3 Bg7 8. Bd3 Qe7 9. 0-0 0-0 10. Re1 d5 11. b4 Nd7 12. Nb3 Nf6 13. Nfd2 Ne4 14. Nxe4 fxe4 15. Bf1 f5 16. g3 g5 17. a4 a6 18. a5 Rf6 19. b5 axb5 20. Bxb5 Raf8 21. a6 Ba8 22. Be2 f4 23. Qd2 Qe6 24. Rec1 h5 25. Qd1 fxe3 26. fxe3 Qh3 27. Qe1 g4 28. Qf1 Rxf1+ 29. Rxf1 Rf3 30. Bxf3 gxf3 31. Rf2 Bh6 32. Re1 Qd7 0-1

[Event "Bundesliga 9394"]
[Site "Germany"]
[Date "1994.04.16"]
[Round "12.4"]
[White "Maus, Soenke"]
[Black "Ambroz, Jan"]
[Result "1/2-1/2"]
[WhiteElo "2420"]
[BlackElo "2420"]
[PlyCount "94"]
[EventDate "1993.11.06"]
[EventType "team-tourn"]
[EventRounds "15"]
[EventCountry "GER"]
[SourceTitle "GER-chT"]
[Source "ChessBase"]
[SourceDate "1999.07.01"]
[SourceVersion "1"]
[SourceVersionDate "1999.07.01"]
[SourceQuality "1"]
[WhiteTeam "Hamburger SK"]
[BlackTeam "Castrop Rauxel"]
[WhiteTeamCountry "GER"]
[BlackTeamCountry "GER"]

1. e4 e6 2. d4 d5 3. Nc3 Be7 4. e5 b6 5. h4 Qd7 6. Qg4 Bf8 7. h5 h6 8. Be3 Ne7 9. f4 Nbc6 10. 0-0-0 Bb7 11. Qf3 0-0-0 12. g4 Kb8 13. Bh3 Na5 14. Kb1 Nc4 15. Bc1 c5 16. Nge2 Nc6 17. Rhe1 Rc8 18. dxc5 Bxc5 19. Qg3 d4 20. Bg2 Rhd8 21. Nb5 a6 22. Bxc6 Bxc6 23. Nbxd4 Bd5 24. Nb3 Bb4 25. c3 Bf8 26. Ka1 Qa4 27. Rd4 Qb5 28. Red1 Be7 29. f5 Na5 30. Nxa5 Qxa5 31. a3 Qb5 32. f6 Bf8 33. fxg7 Bxg7 34. Qe3 Bc4 35. b4 Bxe2 36. Rxd8 Bxd1 37. Qd2 Bxe5 38. Rxc8+ Kxc8 39. Qxd1 Bxc3+ 40. Kb1 Qc4 41. Qc2 Kd7 42. Bxh6 a5 43. bxa5 bxa5 44. Bc1 Qb5+ 45. Ka2 Qc4+ 46. Kb1 Qb5+ 47. Ka2 Qc4+ 1/2-1/2

[Event "Bundesliga 9394"]
[Site "Germany"]
[Date "1993.11.06"]
[Round "1.4"]
[White "Maus, Soenke"]
[Black "Lingnau, Carsten"]
[Result "0-1"]
[WhiteElo "2415"]
[BlackElo "2395"]
[PlyCount "142"]
[EventDate "1993.11.06"]
[EventType "team-tourn"]
[EventRounds "15"]
[EventCountry "GER"]
[SourceTitle "GER-chT"]
[Source "ChessBase"]
[SourceDate "1999.07.01"]
[SourceVersion "1"]
[SourceVersionDate "1999.07.01"]
[SourceQuality "1"]
[WhiteTeam "Hamburger SK"]
[BlackTeam "Dortmund"]
[WhiteTeamCountry "GER"]
[BlackTeamCountry "GER"]

1. c4 Nf6 2. g3 g6 3. Bg2 Bg7 4. Nc3 0-0 5. e4 d6 6. Nge2 c5 7. 0-0 Nc6 8. d3 a6 9. Rb1 Rb8 10. a4 Ne8 11. Be3 Nc7 12. f4 Ne6 13. Bf2 Ned4 14. Nxd4 Nxd4 15. b4 cxb4 16. Rxb4 Qa5 17. Nd5 e6 18. Ne7+ Kh8 19. Qb1 Bd7 20. Rxb7 Ne2+ 21. Kh1 Nc3 22. Rxb8 Nxb1 23. Rfxb1 h5 24. e5 dxe5 25. c5 Rxb8 26. Rxb8+ Kh7 27. c6 Qxa4 28. cxd7 Qxd7 29. Rb7 Qxd3 30. Nc6 e4 31. Ne5 Qd1+ 32. Bg1 e3 33. Bf3 e2 34. Rxf7 e1Q 35. Bxd1 Qxd1 36. h3 Qd5+ 37. Kh2 Qd2+ 38. Kh1 Kg8 39. Rd7 Qe2 40. Rd8+ Kh7 41. Rd7 Qe4+ 42. Kh2 Qc2+ 43. Kh1 h4 44. Bd4 Qb1+ 45. Kg2 Qc2+ 46. Kf3 Qb3+ 47. Ke4 hxg3 48. Nd3 Qd5+ 49. Rxd5 exd5+ 50. Kf3 Bxd4 51. Kxg3 a5 52. Kg4 a4 53. f5 a3 54. Nb4 Bb2 55. Na2 Kg7 56. fxg6 Kxg6 57. Kf4 Kh5 58. Ke3 Kh4 59. Kd3 Kxh3 60. Nb4 Kg3 61. Kc2 d4 62. Na2 Kf4 63. Kd3 Ke5 64. Nb4 Kf4 65. Na2 Kf3 66. Nb4 Kf2 67. Na2 Ke1 68. Kc2 Ke2 69. Nb4 Bc3 70. Nd3 Ke3 71. Nc1 Bb2 0-1

[Event "Bundesliga 9293"]
[Site "Germany"]
[Date "1993.??.??"]
[Round "?.4"]
[White "Beckhuis, Gernod"]
[Black "Maus, Soenke"]
[Result "0-1"]
[WhiteElo "2195"]
[BlackElo "2420"]
[PlyCount "54"]
[EventDate "1992.10.24"]
[EventType "team-tourn"]
[EventRounds "15"]
[EventCountry "GER"]
[SourceTitle "GER-chT"]
[Source "ChessBase"]
[SourceDate "1999.07.01"]
[SourceVersion "1"]
[SourceVersionDate "1999.07.01"]
[SourceQuality "1"]
[WhiteTeam "Kirchheim"]
[BlackTeam "Hamburger SK"]
[WhiteTeamCountry "GER"]
[BlackTeamCountry "GER"]

1. Nf3 Nf6 2. c4 c5 3. g3 b6 4. Bg2 Bb7 5. 0-0 g6 6. b3 Bg7 7. Bb2 0-0 8. Nc3 e6 9. e3 Qe7 10. Qe2 d6 11. Rfd1 Nbd7 12. d4 a6 13. Rd2 Rab8 14. Rad1 Rfd8 15. e4 cxd4 16. Nxd4 Bh6 17. f4 e5 18. Nd5 Qf8 19. Nxf6+ Nxf6 20. Nc2 Nh5 21. Ba3 exf4 22. Rxd6 Qe8 23. g4 Ng7 24. Rxb6 Ne6 25. Bd6 Bf8 26. e5 f3 27. Bxf3 Bxf3 0-1

[Event "Bundesliga 9293"]
[Site "Germany"]
[Date "1993.??.??"]
[Round "?.5"]
[White "Jackelen, Thomas"]
[Black "Maus, Soenke"]
[Result "1-0"]
[WhiteElo "2420"]
[BlackElo "2420"]
[PlyCount "117"]
[EventDate "1992.10.24"]
[EventType "team-tourn"]
[EventRounds "15"]
[EventCountry "GER"]
[SourceTitle "GER-chT"]
[Source "ChessBase"]
[SourceDate "1999.07.01"]
[SourceVersion "1"]
[SourceVersionDate "1999.07.01"]
[SourceQuality "1"]
[WhiteTeam "Bochum"]
[BlackTeam "Hamburger SK"]
[WhiteTeamCountry "GER"]
[BlackTeamCountry "GER"]

1. Nf3 g6 2. c4 Bg7 3. e4 e5 4. d4 exd4 5. Nxd4 Ne7 6. Nc3 Nbc6 7. Be3 0-0 8. Be2 f5 9. Qd2 fxe4 10. 0-0-0 Ne5 11. Ne6 Nd3+ 12. Bxd3 dxe6 13. Bxe4 Qxd2+ 14. Rxd2 Nf5 15. Bxf5 exf5 16. Nd5 Rf7 17. Bf4 Bd7 18. Nxc7 Rc8 19. Rhd1 Bc6 20. Rd8+ Rf8 21. Rxf8+ Bxf8 22. f3 Kf7 23. Kb1 g5 24. Be5 h5 25. Nd5 h4 26. b3 Re8 27. f4 gxf4 28. Bxf4 Re2 29. Rd2 Rxd2 30. Bxd2 Bd6 31. h3 Ke6 32. Be1 Be7 33. Nxe7 Kxe7 34. Bxh4+ Ke6 35. g4 f4 36. Bf2 Ke5 37. Kc1 a6 38. Kd2 Bg2 39. h4 Bf3 40. g5 Bh5 41. Kd3 Bg6+ 42. Ke2 Ke4 43. Bb6 Kf5 44. a3 Kg4 45. Bf2 Be4 46. b4 Kf5 47. Kd2 Kg4 48. a4 Kf3 49. Ke1 Kg4 50. b5 Bd3 51. bxa6 bxa6 52. c5 Be4 53. a5 Kf5 54. Kd2 Bc6 55. Kd3 Be8 56. Kd4 Bc6 57. Bg1 Bb7 58. Bh2 Ba8 59. Bxf4 1-0

[Event "Wichern op 2nd"]
[Site "Hamburg"]
[Date "1993.??.??"]
[Round "9"]
[White "Krallmann, Matthias"]
[Black "Maus, Soenke"]
[Result "1/2-1/2"]
[WhiteElo "2255"]
[BlackElo "2415"]
[PlyCount "87"]
[EventDate "1993.10.??"]
[EventType "swiss"]
[EventRounds "9"]
[EventCountry "GER"]
[SourceTitle "EXT 1997"]
[Source "ChessBase"]
[SourceDate "1996.11.15"]
[SourceVersion "1"]
[SourceVersionDate "1996.11.15"]
[SourceQuality "1"]

1. d4 Nf6 2. c4 c5 3. d5 e6 4. Nc3 exd5 5. cxd5 d6 6. e4 g6 7. h3 Bg7 8. Nf3 0-0 9. Bd3 a6 10. a4 b6 11. 0-0 Ra7 12. Re1 Re7 13. Bf4 Nh5 14. Bh2 Bh6 15. Bf1 f6 16. Nd2 Bf4 17. g3 Be5 18. Nc4 Bd7 19. Qd2 b5 20. axb5 axb5 21. Na5 Qb6 22. g4 Ng7 23. Bf4 h5 24. f3 hxg4 25. hxg4 Bxf4 26. Qxf4 c4+ 27. Kg2 Kf7 28. Bxc4 Re5 29. Bd3 Nh5 30. Qe3 Qxe3 31. Rxe3 Nf4+ 32. Kg3 g5 33. Rh1 b4 34. Nd1 Kg7 35. Nc4 Ree8 36. Nxd6 Rd8 37. Nf5+ Bxf5 38. gxf5 Nd7 39. Bb1 Ne5 40. Rb3 Rh8 41. Rxh8 Rxh8 42. Nf2 Ne2+ 43. Kg2 Nf4+ 44. Kg3 1/2-1/2

[Event "Gausdal Int"]
[Site "Gausdal"]
[Date "1993.??.??"]
[Round "1"]
[White "Lahlum, Hans Olav"]
[Black "Maus, Soenke"]
[Result "0-1"]
[WhiteElo "2220"]
[BlackElo "2415"]
[PlyCount "52"]
[EventDate "1993.08.??"]
[EventType "swiss"]
[EventRounds "9"]
[EventCountry "NOR"]
[SourceTitle "TD"]
[Source "ChessBase"]
[SourceDate "1994.03.01"]
[SourceVersion "1"]
[SourceVersionDate "1994.03.01"]
[SourceQuality "1"]

1. d4 Nf6 2. c4 c5 3. d5 e6 4. Nc3 exd5 5. cxd5 d6 6. Nf3 g6 7. Bf4 Qe7 8. Qa4+ Bd7 9. Qb3 b5 10. Nxb5 Bxb5 11. Qxb5+ Nbd7 12. 0-0-0 Rb8 13. Qd3 Bg7 14. e4 Nh5 15. Bg5 Bxb2+ 16. Kc2 f6 17. Bh6 Kf7 18. g4 Ng7 19. g5 Ne5 20. Nxe5+ Bxe5 21. Bh3 Rb2+ 22. Kc1 Rhb8 23. gxf6 Qxf6 24. Be3 Rxa2 25. f4 Bxf4 26. e5 Qxe5 0-1

[Event "Gausdal Int"]
[Site "Gausdal"]
[Date "1993.??.??"]
[Round "4"]
[White "Maus, Soenke"]
[Black "Ostenstad, Berge"]
[Result "1-0"]
[WhiteElo "2415"]
[BlackElo "2465"]
[PlyCount "97"]
[EventDate "1993.08.??"]
[EventType "swiss"]
[EventRounds "9"]
[EventCountry "NOR"]
[SourceTitle "TD"]
[Source "ChessBase"]
[SourceDate "1994.03.01"]
[SourceVersion "1"]
[SourceVersionDate "1994.03.01"]
[SourceQuality "1"]

1. e4 e6 2. d4 d5 3. Nc3 Bb4 4. e5 c5 5. Bd2 Ne7 6. dxc5 Nbc6 7. f4 0-0 8. Nf3 f6 9. exf6 Rxf6 10. Bd3 Bxc5 11. Qe2 Bd7 12. 0-0-0 Nb4 13. h4 Rc8 14. Kb1 Be8 15. h5 Qb6 16. g4 h6 17. g5 hxg5 18. fxg5 Nxd3 19. cxd3 Rxf3 20. Qxf3 Ba3 21. b3 Qd4 22. Rdf1 Nf5 23. Qe2 Qb6 24. h6 Bg6 25. Qe5 Rc7 26. Rh3 d4 27. hxg7 Rxg7 28. Rfh1 Be7 29. Ne4 Qc6 30. Nf6+ Kf7 31. Re1 Ne3 32. Qxd4 Nc2 33. Qf4 Nxe1 34. Bxe1 Qd6 35. Qf3 Bf5 36. Ne4 Qe5 37. Bc3 Qd5 38. Bxg7 Kxg7 39. Rh1 Qd4 40. Rd1 Ba3 41. Qf2 Qe5 42. Ng3 Bg6 43. Ne4 Bf5 44. Qc2 Kg6 45. Rh1 a5 46. Qh2 Qxh2 47. Rxh2 Bxe4 48. dxe4 Kxg5 49. Rf2 1-0

[Event "Bundesliga 9293"]
[Site "Germany"]
[Date "1993.??.??"]
[Round "?.4"]
[White "Maus, Soenke"]
[Black "Schlemermeyer, Wilhelm"]
[Result "1/2-1/2"]
[WhiteElo "2420"]
[BlackElo "2335"]
[PlyCount "82"]
[EventDate "1992.10.24"]
[EventType "team-tourn"]
[EventRounds "15"]
[EventCountry "GER"]
[SourceTitle "GER-chT"]
[Source "ChessBase"]
[SourceDate "1999.07.01"]
[SourceVersion "1"]
[SourceVersionDate "1999.07.01"]
[SourceQuality "1"]
[WhiteTeam "Hamburger SK"]
[BlackTeam "Delmenhorst"]
[WhiteTeamCountry "GER"]
[BlackTeamCountry "GER"]

1. e4 c6 2. Nc3 d5 3. Nf3 dxe4 4. Nxe4 Nf6 5. Nxf6+ gxf6 6. Bc4 Qc7 7. d4 Bg4 8. h3 Bh5 9. Qe2 Nd7 10. Bd2 e6 11. 0-0-0 0-0-0 12. Kb1 Nb6 13. Bb3 Be7 14. Bh6 f5 15. c4 Bf6 16. Qe3 Bxf3 17. gxf3 Rhe8 18. Rhe1 Qd7 19. Qc1 Kb8 20. Bf4+ Ka8 21. Be3 Qc7 22. f4 Re7 23. Rd2 Red7 24. Red1 Nc8 25. d5 Ne7 26. dxe6 fxe6 27. Qc2 a6 28. h4 Rxd2 29. Rxd2 Bxh4 30. Rxd8+ Qxd8 31. Qc3 Ng6 32. a3 Bf6 33. Qb4 Bd4 34. c5 Bxe3 35. fxe3 Qd3+ 36. Ka2 Qxe3 37. Qb6 Qxf4 38. Bxe6 Qd4 39. Bc8 Qd5+ 40. Ka1 Qd1+ 41. Ka2 Qd5+ 1/2-1/2

[Event "Bad Woerishofen op 8th"]
[Site "Bad Woerishofen"]
[Date "1992.03.11"]
[Round "6"]
[White "Kengis, Edvins"]
[Black "Maus, Soenke"]
[Result "1/2-1/2"]
[WhiteElo "2575"]
[BlackElo "2385"]
[PlyCount "103"]
[EventDate "1992.03.06"]
[EventType "swiss"]
[EventRounds "9"]
[EventCountry "GER"]
[SourceTitle "TD"]
[Source "ChessBase"]
[SourceDate "1994.03.01"]
[SourceVersion "1"]
[SourceVersionDate "1994.03.01"]
[SourceQuality "1"]

1. Nf3 g6 2. d4 Bg7 3. g3 c5 4. c3 Na6 5. Bg2 Nf6 6. 0-0 0-0 7. Nbd2 cxd4 8. cxd4 Nc7 9. b3 d5 10. Bb2 Nb5 11. Rc1 Qb6 12. a4 Nd6 13. Rc5 a5 14. Qa1 Bg4 15. Rfc1 e6 16. e3 Bxf3 17. Bxf3 Rfd8 18. Qb1 Bf8 19. Qd3 Qa7 20. R5c2 Rac8 21. Kg2 Rxc2 22. Rxc2 Qb8 23. Bd1 Rc8 24. Nf3 Rxc2 25. Qxc2 Nd7 26. Be2 Qd8 27. Ne1 Qc8 28. Qxc8 Nxc8 29. Bc3 b6 30. f3 Nb8 31. Bb5 Na7 32. Bd3 Nac6 33. Nc2 f6 34. e4 Kf7 35. Kf2 Nb4 36. Bxb4 Bxb4 37. Bb5 Ke7 38. Ke2 Kd6 39. Ne3 Nc6 40. Kd3 f5 41. Ng2 Ba3 42. e5+ Kc7 43. Nf4 Nd8 44. Kc2 Bf8 45. Nh3 Bh6 46. f4 Nf7 47. Be8 Nh8 48. Nf2 Kd8 49. Bb5 Bf8 50. Be2 Bb4 51. Nd3 Ke7 52. Nxb4 1/2-1/2

[Event "Bad Woerishofen op 8th"]
[Site "Bad Woerishofen"]
[Date "1992.03.10"]
[Round "5"]
[White "Maus, Soenke"]
[Black "Hansen, Lars Bo"]
[Result "1/2-1/2"]
[WhiteElo "2385"]
[BlackElo "2535"]
[PlyCount "53"]
[EventDate "1992.03.06"]
[EventType "swiss"]
[EventRounds "9"]
[EventCountry "GER"]
[SourceTitle "TD"]
[Source "ChessBase"]
[SourceDate "1994.03.01"]
[SourceVersion "1"]
[SourceVersionDate "1994.03.01"]
[SourceQuality "1"]

1. e4 e6 2. d4 d5 3. Nc3 Bb4 4. e5 Ne7 5. Bd2 b6 6. Nf3 Qd7 7. Ne2 Bxd2+ 8. Qxd2 Ba6 9. Ng3 Bxf1 10. Nxf1 c5 11. c3 cxd4 12. cxd4 Nbc6 13. Ne3 Rc8 14. 0-0 0-0 15. Rac1 Na5 16. b3 Rxc1 17. Rxc1 Rc8 18. h3 Nac6 19. Kh2 a5 20. Ng4 Nf5 21. Qg5 Kf8 22. Nf6 gxf6 23. Qxf6 Kg8 24. Qg5+ Kf8 25. Qf6 Kg8 26. Qg5+ Kf8 27. Qf6 1/2-1/2

[Event "Bad Woerishofen op 8th"]
[Site "Bad Woerishofen"]
[Date "1992.03.09"]
[Round "4"]
[White "Reschke, Stefan"]
[Black "Maus, Soenke"]
[Result "0-1"]
[WhiteElo "2325"]
[BlackElo "2385"]
[PlyCount "84"]
[EventDate "1992.03.06"]
[EventType "swiss"]
[EventRounds "9"]
[EventCountry "GER"]
[SourceTitle "TD"]
[Source "ChessBase"]
[SourceDate "1994.03.01"]
[SourceVersion "1"]
[SourceVersionDate "1994.03.01"]
[SourceQuality "1"]

1. c4 e5 2. g3 Nc6 3. Bg2 g6 4. Nc3 Bg7 5. Rb1 a5 6. a3 Nf6 7. d3 0-0 8. b4 axb4 9. axb4 Re8 10. b5 Ne7 11. Nf3 d5 12. Nd2 c6 13. 0-0 Nf5 14. cxd5 cxd5 15. Bb2 h5 16. e4 d4 17. Nd5 Nxd5 18. exd5 Nd6 19. Nc4 Nxb5 20. Qb3 Bd7 21. Ra1 Rxa1 22. Rxa1 Bf8 23. Bc1 h4 24. Bd2 h3 25. Bh1 b6 26. Re1 Qf6 27. Qb1 Bc5 28. Qc1 Nd6 29. Bg5 Qg7 30. Bh6 Qh8 31. Bd2 Nxc4 32. Qxc4 Qf6 33. Qc1 Qd6 34. Qd1 b5 35. Re4 Kg7 36. Rh4 Rh8 37. Rxh8 Kxh8 38. Qf3 Kg7 39. g4 b4 40. Qxh3 b3 41. Bh6+ Kg8 42. Bc1 Ba3 0-1

[Event "Bundesliga 9192"]
[Site "Germany"]
[Date "1992.??.??"]
[Round "?.2"]
[White "Casper, Thomas"]
[Black "Maus, Soenke"]
[Result "0-1"]
[WhiteElo "2430"]
[BlackElo "2385"]
[PlyCount "60"]
[EventDate "1991.10.12"]
[EventType "team-tourn"]
[EventRounds "15"]
[EventCountry "GER"]
[SourceTitle "GER-chT"]
[Source "ChessBase"]
[SourceDate "1999.07.01"]
[SourceVersion "1"]
[SourceVersionDate "1999.07.01"]
[SourceQuality "1"]
[WhiteTeam "Erfurt"]
[BlackTeam "Hamburger SK"]
[WhiteTeamCountry "GER"]
[BlackTeamCountry "GER"]

1. e4 d5 2. Nc3 d4 3. Nce2 e5 4. Ng3 Be6 5. Be2 Nc6 6. Bb5 Nge7 7. d3 Qd6 8. Bd2 g6 9. h3 Bg7 10. N1e2 0-0-0 11. 0-0 h5 12. f4 h4 13. Nh1 exf4 14. Bxf4 Be5 15. Bxc6 Nxc6 16. Qd2 g5 17. Bxg5 Rdg8 18. Nf2 Rh7 19. Kh1 Rhg7 20. Bf4 Rxg2 21. Rg1 Bxf4 22. Nxf4 Rxg1+ 23. Rxg1 Rxg1+ 24. Kxg1 Bxa2 25. Ng2 Qg3 26. Qf4 Qxf4 27. Nxf4 Bb1 28. Ng2 Bxc2 29. Nxh4 Ne5 30. Nf5 Nxd3 0-1

[Event "Bundesliga 9192"]
[Site "Germany"]
[Date "1992.??.??"]
[Round "?.4"]
[White "Marinkovic, Ivan"]
[Black "Maus, Soenke"]
[Result "1-0"]
[WhiteElo "2485"]
[BlackElo "2385"]
[PlyCount "114"]
[EventDate "1991.10.12"]
[EventType "team-tourn"]
[EventRounds "15"]
[EventCountry "GER"]
[SourceTitle "GER-chT"]
[Source "ChessBase"]
[SourceDate "1999.07.01"]
[SourceVersion "1"]
[SourceVersionDate "1999.07.01"]
[SourceQuality "1"]
[WhiteTeam "Sindelfingen"]
[BlackTeam "Hamburger SK"]
[WhiteTeamCountry "GER"]
[BlackTeamCountry "GER"]

1. e4 d5 2. exd5 Qxd5 3. Nc3 Qa5 4. Nf3 Nf6 5. d4 Bf5 6. Bd2 e6 7. Bc4 c6 8. Nd5 Qd8 9. Nxf6+ gxf6 10. Bb3 Be7 11. Qe2 a5 12. a4 Bg4 13. Be3 Na6 14. h3 Bh5 15. g4 Bg6 16. Nh4 Be4 17. f3 Bg6 18. Ng2 Bd6 19. 0-0-0 Nb4 20. Bh6 Bf8 21. Bxf8 Kxf8 22. Qe3 b5 23. h4 bxa4 24. Bxa4 h5 25. Nf4 Qd6 26. Rde1 Re8 27. Nxg6+ fxg6 28. g5 Nd5 29. Qd2 f5 30. Re5 Rh7 31. Rhe1 Rb7 32. Qxa5 Rb4 33. c3 Rbb8 34. Qc5 Qxc5 35. dxc5 Nf4 36. Rd1 Red8 37. Rxd8+ Rxd8 38. Kc2 Kf7 39. b4 Rc8 40. Re1 Ng2 41. Rh1 Ke7 42. c4 e5 43. Kc3 Ke6 44. Bb3 Kd7 45. Rh2 Nf4 46. Rd2+ Kc7 47. b5 e4 48. fxe4 fxe4 49. Rd6 Kb8 50. Rf6 Ng2 51. Rxg6 cxb5 52. c6 Nxh4 53. Re6 bxc4 54. Bxc4 Nf3 55. g6 h4 56. g7 e3 57. Rxe3 Ng5 1-0

[Event "Hamburg op"]
[Site "Hamburg"]
[Date "1992.??.??"]
[Round "6"]
[White "Maus, Soenke"]
[Black "Holzke, Frank"]
[Result "1/2-1/2"]
[WhiteElo "2435"]
[BlackElo "2400"]
[PlyCount "87"]
[EventDate "1992.10.??"]
[EventType "swiss"]
[EventRounds "9"]
[EventCountry "GER"]
[SourceTitle "EXT 1997"]
[Source "ChessBase"]
[SourceDate "1996.11.15"]
[SourceVersion "1"]
[SourceVersionDate "1996.11.15"]
[SourceQuality "1"]

1. e4 e6 2. d4 d5 3. Nc3 Bb4 4. e5 Ne7 5. Bd2 c5 6. dxc5 Nbc6 7. f4 Bxc5 8. Nf3 a6 9. Bd3 Bd7 10. Qe2 Nb4 11. a3 Nxd3+ 12. Qxd3 f6 13. 0-0-0 Qc7 14. g4 0-0-0 15. Rhe1 Ng6 16. Be3 Be7 17. Qd4 fxe5 18. Nxe5 Nxe5 19. fxe5 Rdf8 20. Rd3 Rf3 21. Kd1 Rhf8 22. Na4 Bxa4 23. Qxa4 Bc5 24. Rc3 Rxe3 25. Rexe3 d4 26. b4 dxc3 27. Rxc3 Qd8+ 28. Kc1 Qd4 29. Qb3 Kb8 30. bxc5 Rf1+ 31. Kb2 Qd1 32. Qa2 Qxg4 33. c6 bxc6 34. Qb3+ Kc7 35. Rd3 Qg1 36. Qxe6 Rb1+ 37. Kc3 Qc5+ 38. Kd2 Qf2+ 39. Kc3 Qc5+ 40. Kd2 Qf2+ 41. Kc3 Qe1+ 42. Kc4 Qe4+ 43. Kc3 Qe1+ 44. Kc4 1/2-1/2

[Event "Hamburg SKA"]
[Site "Hamburg"]
[Date "1991.07.01"]
[Round "5"]
[White "Maus, Soenke"]
[Black "Cramling, Pia"]
[Result "0-1"]
[WhiteElo "2400"]
[BlackElo "2470"]
[PlyCount "142"]
[EventDate "1991.06.27"]
[EventType "tourn"]
[EventRounds "13"]
[EventCountry "GER"]
[EventCategory "11"]
[SourceTitle "CBM 024"]
[Source "ChessBase"]
[SourceDate "1991.10.01"]
[SourceVersion "1"]
[SourceVersionDate "1991.10.01"]
[SourceQuality "1"]

1. c4 c5 2. g3 g6 3. Bg2 Bg7 4. Nc3 Nc6 5. e3 Nh6 6. Nge2 Nf5 7. b3 a6 8. Rb1 0-0 9. Bb2 d6 10. 0-0 Rb8 11. Ne4 e5 12. f4 Nb4 13. a3 Nc6 14. Ba1 Bd7 15. fxe5 Nxe5 16. Nf4 b5 17. Qe2 bxc4 18. bxc4 Ne7 19. d4 Bg4 20. Qc2 Rxb1 21. Rxb1 cxd4 22. exd4 Nf3+ 23. Kh1 Nxd4 24. Qf2 Nec6 25. Nd5 Bf5 26. Re1 Bxe4 27. Rxe4 Re8 28. Rxe8+ Qxe8 29. Nf6+ Bxf6 30. Qxf6 Qe1+ 31. Qf1 Qxf1+ 32. Bxf1 Nc2 33. Bb2 a5 34. Bc1 Ne5 35. Bf4 f6 36. a4 Na3 37. c5 dxc5 38. Bd2 Nac4 39. Bc3 Kf7 40. Bh3 Ke7 41. Bf1 Kd6 42. Kg1 f5 43. h3 Nb6 44. Bb5 Nc6 45. Kf2 Nb4 46. Kf3 N6d5 47. Bg7 Nc7 48. Bc4 Ne6 49. Bc3 Ng5+ 50. Kg2 Ne4 51. Bg7 Nd5 52. Bf8+ Ke5 53. Bg7+ Kd6 54. Bf8+ Kc6 55. Bb5+ Kb6 56. Bh6 Ndc3 57. Be8 Nf6 58. Bf7 Nxa4 59. Bg7 Ne4 60. Bg8 Nac3 61. Bxh7 a4 62. Bxg6 a3 63. Bf7 Kb5 64. Bf8 Nd2 65. h4 Nc4 66. Bg7 Kb4 67. Bxc4 Kxc4 68. h5 a2 69. h6 a1Q 70. h7 Qb2+ 71. Kh3 Qb7 0-1

[Event "Hamburg SKA"]
[Site "Hamburg"]
[Date "1991.06.30"]
[Round "4"]
[White "Khalifman, Alexander"]
[Black "Maus, Soenke"]
[Result "1-0"]
[WhiteElo "2640"]
[BlackElo "2400"]
[PlyCount "67"]
[EventDate "1991.06.27"]
[EventType "tourn"]
[EventRounds "13"]
[EventCountry "GER"]
[EventCategory "11"]
[SourceTitle "CBM 024"]
[Source "ChessBase"]
[SourceDate "1991.10.01"]
[SourceVersion "1"]
[SourceVersionDate "1991.10.01"]
[SourceQuality "1"]

1. d4 Nf6 2. Nf3 c5 3. d5 e6 4. c4 exd5 5. cxd5 d6 6. e4 g6 7. Nc3 Bg7 8. h3 0-0 9. Bd3 Bd7 10. Bf4 Re8 11. 0-0 b5 12. Bxd6 b4 13. Ne2 Nxe4 14. Bxe4 Rxe4 15. Ng3 Re8 16. Bxc5 Bb5 17. Re1 Rxe1+ 18. Qxe1 Bxb2 19. Rd1 Bc3 20. Qe4 Na6 21. Be7 Qd7 22. d6 Re8 23. Qh4 Nc5 24. Nd4 Bd3 25. Nh5 Bxd4 26. Qxd4 gxh5 27. Qxc5 Bg6 28. Rd4 h6 29. Qxb4 Kh7 30. Qa4 Qe6 31. d7 Qe1+ 32. Kh2 Rb8 33. d8Q Rb1 34. Rd1 1-0